[Event "Titled Tuesday intern op 23rd Apr Late"]
[Site "Chess.com INT"]
[Date "2024.04.23"]
[Round "1"]
[White "Yanchenko, Roman"]
[Black "Buchenau, Frank"]
[Result "1-0"]
[WhiteElo "2466"]
[BlackElo "2175"]
[PlyCount "53"]
[EventDate "2024.04.23"]
[EventType "swiss (blitz)"]
[EventRounds "11"]
[EventCountry "USA"]
[SourceTitle "CB18_2024"]
[SourceDate "2024.05.01"]
[SourceVersion "1"]
[SourceVersionDate "2024.05.01"]
[SourceQuality "2"]

1. d4 e6 2. Nf3 Nf6 3. c4 b6 4. Nc3 Bb4 5. Bg5 h6 6. Bh4 Bb7 7. e3 Bxc3+ 8. bxc3 d6 9. Bd3 Qe7 10. 0-0 e5 11. Bc2 0-0 12. a4 Nc6 13. h3 Na5 14. Nd2 Qe6 15. Bd3 c5 16. d5 Qe7 17. Ne4 g5 18. Nxf6+ Qxf6 19. Bg3 Rae8 20. f4 gxf4 21. exf4 e4 22. Bc2 Nxc4 23. Qg4+ Qg6 24. Rfe1 Bxd5 25. Rad1 Bc6 26. Bb3 Na5 27. Qxg6+ 1-0

[Event "Titled Tuesday intern op 16th Apr Early"]
[Site "Chess.com INT"]
[Date "2024.04.16"]
[Round "4"]
[White "Yanchenko, Roman"]
[Black "Hua, Lefong"]
[Result "0-1"]
[WhiteElo "2466"]
[BlackElo "2305"]
[PlyCount "146"]
[EventDate "2024.04.16"]
[EventType "swiss (blitz)"]
[EventRounds "11"]
[EventCountry "USA"]
[SourceTitle "CB17_2024"]
[SourceDate "2024.04.24"]
[SourceVersion "1"]
[SourceVersionDate "2024.04.24"]
[SourceQuality "1"]

1. d4 Nf6 2. Nf3 g6 3. Bf4 Bg7 4. e3 d6 5. h3 0-0 6. Be2 b6 7. 0-0 c5 8. a4 a6 9. Na3 Bb7 10. c3 Nbd7 11. Nc4 Bc6 12. Nfd2 b5 13. axb5 axb5 14. Na3 Qb6 15. Bf3 Qb7 16. Bg3 Rab8 17. b4 cxb4 18. cxb4 Ne4 19. Qc2 Ndf6 20. Rfc1 Rfc8 21. Nxe4 Bxe4 22. Bxe4 Nxe4 23. Qd3 Nxg3 24. fxg3 Rxc1+ 25. Rxc1 Qd5 26. Rd1 f5 27. Kh2 h5 28. h4 Bh6 29. Re1 e5 30. Rd1 e4 31. Qc3 Ra8 32. Rd2 Bf8 33. Rc2 Ra4 34. Kg1 Be7 35. Kf2 Kf7 36. Rb2 Ra6 37. Qb3 Qxb3 38. Rxb3 Rb6 39. d5 Bf6 40. Rb1 Be5 41. Rc1 Ke7 42. Rc7+ Kd8 43. Rc6 Rxc6 44. dxc6 Kc7 45. Nxb5+ Kxc6 46. Na3 Bc3 47. b5+ Kc5 48. Ke2 Bb4 49. Nc2 Bc3 50. Na3 d5 51. Kf2 Bb2 52. Nc2 Kxb5 53. Ke2 Kc4 54. g4 hxg4 55. g3 Be5 56. Kf2 d4 57. exd4 Bxd4+ 58. Ke2 Bc5 59. Ne1 Kc3 60. Ng2 Bd6 61. Kf2 Kd3 62. h5 gxh5 63. Nh4 e3+ 64. Kg2 e2 65. Kf2 Bc5+ 66. Ke1 Bb4+ 67. Kf2 e1Q+ 68. Kg2 Qe2+ 69. Kh1 Ke4 70. Nxf5 Kxf5 71. Kg1 Ke4 72. Kh1 Kf3 73. Kg1 Qg2# 0-1

[Event "Titled Tuesday intern op 06th Feb Late"]
[Site "Chess.com INT"]
[Date "2024.02.06"]
[Round "4"]
[White "Yanchenko, Roman"]
[Black "Makarian, Rudik"]
[Result "0-1"]
[WhiteElo "2466"]
[BlackElo "2525"]
[PlyCount "162"]
[EventDate "2024.02.06"]
[EventType "swiss (blitz)"]
[EventRounds "11"]
[EventCountry "USA"]
[SourceTitle "CB07_2024"]
[SourceDate "2024.02.14"]
[SourceVersion "1"]
[SourceVersionDate "2024.02.14"]
[SourceQuality "1"]

1. d4 Nf6 2. Nf3 c5 3. e3 d5 4. Be2 Nc6 5. 0-0 cxd4 6. exd4 Bg4 7. c3 e6 8. Bf4 Bd6 9. Bxd6 Qxd6 10. Nbd2 0-0 11. Re1 Nd7 12. h3 Bh5 13. Nf1 Rab8 14. Ng3 Bg6 15. Bd3 Bxd3 16. Qxd3 b5 17. a3 a5 18. b4 h6 19. Nh5 g6 20. Ng3 Qf4 21. Ne2 Qf6 22. Nc1 a4 23. Qd2 Kg7 24. Nd3 Nb6 25. Nc5 Nc4 26. Qe2 Rbd8 27. Nd2 Nd6 28. Qf1 Rfe8 29. f4 g5 30. g3 gxf4 31. Qxf4 Qxf4 32. gxf4 Kf6 33. Kf2 Rg8 34. Nf3 Nc4 35. Rg1 Rxg1 36. Nxg1 Rg8 37. Nf3 Kf5 38. Ne5 N6xe5 39. fxe5 h5 40. Nb7 h4 41. Nd6+ Kf4 42. Nxb5 Rg3 43. Nd6 Rxh3 44. Nxf7 Rxc3 45. Nd8 Rc2+ 46. Kg1 Kg3 47. Nxe6 Nd2 48. Ng5 Kg4 49. e6 Kxg5 50. e7 Rc8 51. Rd1 Ne4 52. Kg2 Re8 53. b5 Rxe7 54. b6 Rb7 55. Rb1 Nd6 56. Rb4 Kf4 57. Rxa4 Rxb6 58. Ra8 Ke4 59. Kh3 Kxd4 60. a4 Nc4 61. a5 Rb4 62. a6 Ra4 63. Kxh4 Nb6 64. Rg8 Kc5+ 65. Kg3 Rxa6 66. Kf2 Nc4 67. Ke2 Ra2+ 68. Kd3 Ra3+ 69. Kc2 Rh3 70. Rf8 Ne5 71. Rc8+ Kd4 72. Ra8 Rc3+ 73. Kd2 Nc4+ 74. Ke2 Re3+ 75. Kd1 Rh3 76. Rg8 Rh2 77. Ke1 Kd3 78. Rg3+ Ne3 79. Rg2 Rh1+ 80. Kf2 Nxg2 81. Kf3 Re1 0-1

[Event "Titled Tuesday intern op 19th Dec Early"]
[Site "Chess.com INT"]
[Date "2023.12.19"]
[Round "4"]
[White "Demchenko, Anton"]
[Black "Yanchenko, Roman"]
[Result "1/2-1/2"]
[WhiteElo "2609"]
[BlackElo "2466"]
[PlyCount "84"]
[EventDate "2023.12.19"]
[EventType "swiss (blitz)"]
[EventRounds "11"]
[EventCountry "USA"]
[SourceTitle "CB52_2023"]
[SourceDate "2023.12.27"]
[SourceVersion "1"]
[SourceVersionDate "2023.12.27"]
[SourceQuality "1"]

1. e4 e6 2. d4 d5 3. Nc3 Bb4 4. e5 Ne7 5. Bd2 b6 6. h4 Ba6 7. Bxa6 Nxa6 8. h5 h6 9. Qe2 Nb8 10. a3 Bxc3 11. Bxc3 c5 12. f4 Nf5 13. Rh3 cxd4 14. Bd2 Nc6 15. Nf3 Qc7 16. g4 Nfe7 17. 0-0-0 0-0-0 18. Be1 Kb7 19. Bf2 Rc8 20. Bxd4 Na5 21. Bf2 Qc4 22. Qxc4 Rxc4 23. Nd4 Rhc8 24. Kb1 a6 25. f5 Nac6 26. b3 Rc5 27. fxe6 Nxd4 28. Bxd4 Rxc2 29. exf7 Rg2 30. Rf3 Rf8 31. Rf4 Nc6 32. e6 Nxd4 33. Rdxd4 Re2 34. Rde4 dxe4 35. e7 Rc8 36. a4 Rcc2 37. e8Q Rb2+ 38. Kc1 Rbc2+ 39. Kd1 Rcd2+ 40. Kc1 Rc2+ 41. Kb1 Rb2+ 42. Kc1 Rbc2+ 1/2-1/2

[Event "Titled Tuesday intern op 19th Sep Late"]
[Site "Chess.com INT"]
[Date "2023.09.19"]
[Round "1"]
[White "Yanchenko, Roman"]
[Black "Zenin, Dmitri"]
[Result "1-0"]
[WhiteElo "2466"]
[BlackElo "2163"]
[PlyCount "45"]
[EventDate "2023.09.19"]
[EventType "swiss (blitz)"]
[EventRounds "11"]
[EventCountry "USA"]
[SourceTitle "EXT 2024"]
[Source "ChessBase"]
[SourceDate "2023.10.10"]
[SourceVersion "1"]
[SourceVersionDate "2023.10.10"]
[SourceQuality "1"]

1. d4 Nf6 2. c4 g6 3. Nf3 Bg7 4. Nc3 0-0 5. Bf4 c5 6. d5 d6 7. Qd2 a6 8. e4 Nbd7 9. Bd3 Qa5 10. 0-0 b5 11. cxb5 axb5 12. Nxb5 Nxe4 13. Qe2 Ndf6 14. a4 Bf5 15. Nh4 Qb4 16. Nxf5 gxf5 17. f3 Rxa4 18. Rxa4 Qxa4 19. fxe4 fxe4 20. Bc4 Rb8 21. b3 Qa5 22. Bg5 Rb7 23. Nxd6 1-0

[Event "Titled Tuesday intern op 12th Sep Early"]
[Site "Chess.com INT"]
[Date "2023.09.12"]
[Round "4"]
[White "Bok, Benjamin"]
[Black "Yanchenko, Roman"]
[Result "1/2-1/2"]
[WhiteElo "2621"]
[BlackElo "2466"]
[PlyCount "122"]
[EventDate "2023.09.12"]
[EventType "swiss (blitz)"]
[EventRounds "11"]
[EventCountry "USA"]
[SourceTitle "EXT 2024"]
[Source "ChessBase"]
[SourceDate "2023.10.10"]
[SourceVersion "1"]
[SourceVersionDate "2023.10.10"]
[SourceQuality "1"]

1. d4 d5 2. c4 c6 3. cxd5 cxd5 4. Nf3 Nf6 5. Nc3 Nc6 6. Bf4 e6 7. e3 Bd6 8. Bg3 0-0 9. Bd3 a6 10. Rc1 h6 11. 0-0 Bxg3 12. hxg3 Bd7 13. Ne5 Rc8 14. Qb3 b5 15. Ne2 Nxe5 16. dxe5 Ng4 17. Rxc8 Qxc8 18. Rc1 Qb8 19. f4 Qb6 20. Nd4 Nxe3 21. Bh7+ Kxh7 22. Qxe3 Rc8 23. Rxc8 Bxc8 24. Kf2 Qc5 25. Qc3 Qc4 26. Ke3 g5 27. Kd2 b4 28. Qd3+ Kg7 29. b3 Qc5 30. Qe3 Qa5 31. fxg5 Qxa2+ 32. Nc2 h5 33. Qc5 Bd7 34. Qxb4 Qb2 35. Qf4 Bb5 36. Qf6+ Kg8 37. g6 fxg6 38. Qxg6+ Kh8 39. Qxh5+ Kg7 40. Qg5+ Kh7 41. Qe7+ Kh8 42. Qf6+ Kh7 43. Qxe6 Qxb3 44. Qf7+ Kh8 45. Qf6+ Kh7 46. e6 Qd3+ 47. Kc1 Qf1+ 48. Qxf1 Bxf1 49. e7 Bb5 50. Ne3 Kg6 51. Nxd5 Kf7 52. Kd2 Bc6 53. Nf4 Kxe7 54. Kc3 a5 55. Kb3 Kf6 56. Ka3 Kf5 57. Nd3 Bb5 58. Nc5 Kg4 59. Nb3 Kxg3 60. Nxa5 Ba4 61. Kxa4 Kxg2 1/2-1/2

[Event "Titled Tuesday intern op 12th Sep Late"]
[Site "Chess.com INT"]
[Date "2023.09.12"]
[Round "6"]
[White "Yanchenko, Roman"]
[Black "Bluebaum, Matthias"]
[Result "1-0"]
[WhiteElo "2466"]
[BlackElo "2670"]
[PlyCount "123"]
[EventDate "2023.09.12"]
[EventType "swiss (blitz)"]
[EventRounds "11"]
[EventCountry "USA"]
[SourceTitle "EXT 2024"]
[Source "ChessBase"]
[SourceDate "2023.10.10"]
[SourceVersion "1"]
[SourceVersionDate "2023.10.10"]
[SourceQuality "1"]

1. d4 d5 2. Nf3 e6 3. c4 Nf6 4. Nc3 Bb4 5. Bg5 h6 6. Bxf6 Qxf6 7. e3 c5 8. cxd5 exd5 9. Be2 0-0 10. 0-0 Bxc3 11. bxc3 Be6 12. Qb3 b6 13. c4 dxc4 14. Bxc4 Bxc4 15. Qxc4 Nd7 16. Rfd1 cxd4 17. Qxd4 Qxd4 18. Rxd4 Nc5 19. Rad1 Rac8 20. g4 Rc7 21. h4 Ne6 22. Rd7 Rfc8 23. g5 hxg5 24. hxg5 g6 25. Kg2 Kf8 26. Kg3 Ke8 27. R7d5 Rc5 28. e4 Kf8 29. Ne5 Rxd5 30. Rxd5 Ke8 31. f4 Rc3+ 32. Rd3 Rc2 33. Ra3 Rc7 34. Kg4 Nc5 35. f5 Re7 36. Kf4 Rc7 37. Rh3 gxf5 38. exf5 Ke7 39. Nxf7 Nd7 40. Ne5 Nxe5 41. Kxe5 Rc5+ 42. Kf4 Rc4+ 43. Kf3 Kd6 44. g6 Rc8 45. Kf4 Ke7 46. Kg5 Rc1 47. Rh7+ Kd6 48. Rxa7 Ke5 49. Re7+ Kd6 50. Re6+ Kd5 51. Rxb6 Rg1+ 52. Kf6 Ra1 53. g7 Rg1 54. Rb8 Kc6 55. g8Q Rd1 56. Qc8+ Kd5 57. Qd8+ Ke4 58. Qxd1 Kf4 59. Qd4+ Kg3 60. Rb3+ Kg2 61. Qd2+ Kf1 62. Rb1# 1-0